00445nam a2200157Ia 4500008004100000020000700041082001800048100002400066245004100090250000700131260003100138300002800169500001900197600002100216650005000237240925s9999 xx 000 0 und d aNA a005.30296 APP aApple Computer Inc. 0aMacintosh TM Hyper Card User's Guide aNA aKarachi:bApkar Pkc,1987. axix,216p.bNAfOriginal aIncludes Index aComputer Science aComputer science, information & general works